[Event "Titled Tuesday intern op 20th Sep Early"]
[Site "Chess.com INT"]
[Date "2022.09.20"]
[Round "9"]
[White "Vignesh, NR."]
[Black "Zhigalko, Sergei"]
[Result "0-1"]
[WhiteElo "2473"]
[BlackElo "2572"]
[PlyCount "62"]
[EventDate "2022.09.20"]
[EventType "swiss (blitz)"]
[EventRounds "11"]
[EventCountry "USA"]
[SourceTitle "EXT 2023"]
[Source "ChessBase"]
[SourceDate "2022.10.05"]
[SourceVersion "1"]
[SourceVersionDate "2022.10.05"]
[SourceQuality "1"]

1. d4 Nf6 2. c4 e6 3. Nc3 Bb4 4. e3 O-O 5. Nf3 b6 6. Bd3 Bb7 7. O-O d5 8. cxd5 exd5 9. Bd2 Bd6 10. Nb5 Be7 11. Ne5 c5 12. f4 Nc6 13. Qf3 a6 14. Nc3 cxd4 15. Nxc6 Bxc6 16. exd4 b5 17. a3 Qb6 18. Be3 a5 19. Ne2 Rfe8 20. Ng3 b4 21. axb4 Bxb4 22. Nf5 Bd7 23. Bf2 Ne4 24. Ne3 Nxf2 25. Rxf2 Qxd4 26. Nxd5 Bc5 27. Nc7 Bc6 28. Qg3 Re3 29. Bxh7+ Kxh7 30. Qh4+ Kg8 31. Nxa8 Re2 0-1

[Event "Titled Tuesday intern op 20th Sep Early"]
[Site "Chess.com INT"]
[Date "2022.09.20"]
[Round "10"]
[White "Zhigalko, Sergei"]
[Black "Skliarov, Viktor"]
[Result "1-0"]
[WhiteElo "2572"]
[BlackElo "2384"]
[PlyCount "135"]
[EventDate "2022.09.20"]
[EventType "swiss (blitz)"]
[EventRounds "11"]
[EventCountry "USA"]
[SourceTitle "EXT 2023"]
[Source "ChessBase"]
[SourceDate "2022.10.05"]
[SourceVersion "1"]
[SourceVersionDate "2022.10.05"]
[SourceQuality "1"]

1. e4 c5 2. Nf3 Nc6 3. c3 Nf6 4. e5 Nd5 5. Bc4 Nb6 6. Bb3 c4 7. Bc2 Qc7 8. Qe2 g5 9. h3 Bg7 10. O-O Nxe5 11. Nxg5 h6 12. Nf3 Nxf3+ 13. Qxf3 d5 14. a4 Be6 15. d4 cxd3 16. Bxd3 O-O-O 17. Re1 Nc4 18. Bf4 Be5 19. Rxe5 Nxe5 20. Qe3 f6 21. a5 a6 22. Nd2 Qc6 23. Bxe5 fxe5 24. Qxe5 Rhg8 25. Qh5 d4 26. Be4 Bd5 27. Re1 Bxe4 28. Nxe4 d3 29. Qf5+ e6 30. Qe5 Rd5 31. Qf4 Rgd8 32. Nd2 Rg5 33. g3 Rf5 34. Qe3 e5 35. Qe4 Qxe4 36. Rxe4 Kc7 37. Kg2 Kc6 38. Rh4 Rd6 39. Rb4 Rdf6 40. f3 Rd6 41. Re4 Rd5 42. b4 Rf8 43. Kf2 Rfd8 44. Ke3 Rg8 45. g4 Rg7 46. c4 Rd4 47. Rxe5 Rdd7 48. f4 Kc7 49. f5 Rgf7 50. Re4 Rd6 51. Re5 Rdd7 52. Ne4 Kd8 53. b5 axb5 54. cxb5 Kc7 55. Rc5+ Kb8 56. Rc3 d2 57. Nxd2 Rfe7+ 58. Ne4 Rd5 59. Rb3 Rde5 60. Rb4 Rd5 61. Kf4 Rd1 62. f6 Rf1+ 63. Kg3 Rf7 64. b6 Ra1 65. Rd4 Rc1 66. Rd8+ Rc8 67. Rxc8+ Kxc8 68. Nd6+ 1-0

[Event "Titled Tuesday intern op 20th Sep Early"]
[Site "Chess.com INT"]
[Date "2022.09.20"]
[Round "11"]
[White "Prraneeth, Vuppala"]
[Black "Zhigalko, Sergei"]
[Result "0-1"]
[WhiteElo "2458"]
[BlackElo "2572"]
[PlyCount "98"]
[EventDate "2022.09.20"]
[EventType "swiss (blitz)"]
[EventRounds "11"]
[EventCountry "USA"]
[SourceTitle "EXT 2023"]
[Source "ChessBase"]
[SourceDate "2022.10.05"]
[SourceVersion "1"]
[SourceVersionDate "2022.10.05"]
[SourceQuality "1"]

1. d4 Nf6 2. c4 e6 3. Nf3 b6 4. g3 Ba6 5. b3 Bb4+ 6. Bd2 Be7 7. Nc3 O-O 8. Bg2 c6 9. Qc2 d5 10. cxd5 cxd5 11. O-O Nc6 12. a3 Rc8 13. Qb2 Ne4 14. Rfd1 f5 15. Rac1 Bd6 16. b4 Bc4 17. Nxe4 fxe4 18. Bg5 Qc7 19. Nd2 Bxe2 20. Re1 Bd3 21. b5 Qf7 22. Nxe4 Bxe4 23. Bxe4 Nxd4 24. Rxc8 Rxc8 25. Qxd4 Bc5 26. Qd2 dxe4 27. Rxe4 Qf5 28. Rf4 Qd5 29. Qe2 h6 30. Bh4 g5 31. Rf6 Kg7 32. Rxe6 Rd8 33. Bxg5 hxg5 34. Re5 Qd1+ 35. Qxd1 Rxd1+ 36. Kg2 Kf6 37. Re4 Rd2 38. h4 Rxf2+ 39. Kh3 Ra2 40. hxg5+ Kxg5 41. Rg4+ Kf5 42. Rf4+ Ke5 43. Ra4 Rxa3 44. Rg4 Kf5 45. Rf4+ Ke6 46. Kh4 Be7+ 47. Kg4 Bd6 48. Re4+ Kd5 49. Re8 Rxg3+ 0-1

[Event "Titled Tuesday intern op 27th Sep Late"]
[Site "Chess.com INT"]
[Date "2022.09.27"]
[Round "8"]
[White "Zhigalko, Sergei"]
[Black "Meduri, Aakaash"]
[Result "1-0"]
[WhiteElo "2572"]
[BlackElo "2063"]
[PlyCount "61"]
[EventDate "2022.09.27"]
[EventType "swiss (blitz)"]
[EventRounds "11"]
[EventCountry "USA"]
[SourceTitle "EXT 2023"]
[Source "ChessBase"]
[SourceDate "2022.10.05"]
[SourceVersion "1"]
[SourceVersionDate "2022.10.05"]
[SourceQuality "1"]

1. e4 c5 2. Nf3 d6 3. d4 cxd4 4. Qxd4 Nf6 5. Nc3 a6 6. Bc4 Nc6 7. Qd3 b5 8. Bb3 g6 9. Bg5 Bg7 10. Bxf6 Bxf6 11. Qd5 Bb7 12. Qxf7+ Kd7 13. O-O-O Bxc3 14. bxc3 Qa5 15. Kb2 Rhf8 16. Qxh7 Rac8 17. e5 Nxe5 18. Nxe5+ Kd8 19. Rxd6+ Kc7 20. Qxe7+ Kb8 21. Nd7+ Ka8 22. Nxf8 Qxc3+ 23. Kb1 a5 24. Rd3 Qc6 25. Ne6 Qxg2 26. Rc1 a4 27. Nc7+ Kb8 28. Nxb5 axb3 29. Qd6+ Ka8 30. Qa3+ Kb8 31. Qa7# 1-0

[Event "Titled Tuesday intern op 04th Oct Early"]
[Site "Chess.com INT"]
[Date "2022.10.04"]
[Round "5"]
[White "Zhigalko, Sergei"]
[Black "Gunduz, Umut Erdem"]
[Result "0-1"]
[WhiteElo "2572"]
[BlackElo "2282"]
[PlyCount "58"]
[EventDate "2022.10.04"]
[EventType "swiss (blitz)"]
[EventRounds "11"]
[EventCountry "USA"]
[SourceTitle "EXT 2023"]
[Source "ChessBase"]
[SourceDate "2022.10.05"]
[SourceVersion "1"]
[SourceVersionDate "2022.10.05"]
[SourceQuality "1"]

1. e4 e5 2. Nf3 Nc6 3. Bc4 Bc5 4. b4 Bxb4 5. c3 Be7 6. d4 Na5 7. Bd3 d6 8. dxe5 dxe5 9. Nxe5 Nf6 10. O-O O-O 11. Qc2 Re8 12. Nf3 h6 13. Rd1 Bc5 14. e5 Nd7 15. Bf4 Qe7 16. Nbd2 Nc6 17. Re1 Nf8 18. Ne4 Bb6 19. h3 Ne6 20. Bxh6 gxh6 21. Nf6+ Kg7 22. Nh4 Nf4 23. Bc4 Nxe5 24. Nxe8+ Qxe8 25. Nf5+ Kf6 26. Nxh6 Qh8 27. Rxe5 Qxh6 28. Qe4 Bxh3 29. g3 Ne6 0-1

[Event "Titled Tuesday intern op 04th Oct Early"]
[Site "Chess.com INT"]
[Date "2022.10.04"]
[Round "6"]
[White "Zhigalko, Sergei"]
[Black "Hon, Eric"]
[Result "1-0"]
[WhiteElo "2572"]
[BlackElo "1866"]
[PlyCount "113"]
[EventDate "2022.10.04"]
[EventType "swiss (blitz)"]
[EventRounds "11"]
[EventCountry "USA"]
[SourceTitle "EXT 2023"]
[Source "ChessBase"]
[SourceDate "2022.10.05"]
[SourceVersion "1"]
[SourceVersionDate "2022.10.05"]
[SourceQuality "1"]

1. e4 c5 2. Nf3 d6 3. d4 Nf6 4. Nc3 cxd4 5. Qxd4 Nc6 6. Bb5 Bd7 7. Bxc6 Bxc6 8. Bg5 Qa5 9. O-O-O Rc8 10. Kb1 h6 11. Bxf6 gxf6 12. Rhe1 Bg7 13. Nd5 Qc5 14. Qd2 Ba4 15. Nd4 f5 16. b3 Bc6 17. Nxf5 Bxd5 18. Nxg7+ Kf8 19. exd5 Kxg7 20. Rxe7 Rhe8 21. Rde1 Rxe7 22. Rxe7 b5 23. Re4 Qc3 24. Rg4+ Kh7 25. Qxc3 Rxc3 26. Kb2 Rc5 27. Rd4 Kg6 28. b4 Rc7 29. Re4 Kf5 30. f3 h5 31. h3 f6 32. g4+ hxg4 33. hxg4+ Kg5 34. Re6 Rd7 35. Kc3 f5 36. gxf5 Kxf5 37. Kd4 Rc7 38. Kd3 Rd7 39. c4 a6 40. Kd4 bxc4 41. Kxc4 Rc7+ 42. Kd3 Rb7 43. Kc3 Rc7+ 44. Kd4 Rb7 45. a3 Rb6 46. Kc4 a5 47. bxa5 Rb1 48. Rxd6 Rc1+ 49. Kb4 Rb1+ 50. Kc5 Ke5 51. Re6+ Kf5 52. Re8 Rc1+ 53. Kb6 Ra1 54. d6 Rxa3 55. d7 Rb3+ 56. Ka6 Rd3 57. d8=Q 1-0

[Event "Titled Tuesday intern op 04th Oct Early"]
[Site "Chess.com INT"]
[Date "2022.10.04"]
[Round "7"]
[White "Ziatdinov, Raset"]
[Black "Zhigalko, Sergei"]
[Result "0-1"]
[WhiteElo "2086"]
[BlackElo "2572"]
[PlyCount "161"]
[EventDate "2022.10.04"]
[EventType "swiss (blitz)"]
[EventRounds "11"]
[EventCountry "USA"]
[SourceTitle "EXT 2023"]
[Source "ChessBase"]
[SourceDate "2022.10.05"]
[SourceVersion "1"]
[SourceVersionDate "2022.10.05"]
[SourceQuality "1"]

1. Nc3 d5 2. d4 Nf6 3. Bf4 a6 4. e3 e6 5. Nf3 b5 6. a3 Bb7 7. Ne5 c5 8. g4 Nc6 9. h4 Rc8 10. g5 Nd7 11. h5 Ndxe5 12. dxe5 d4 13. Ne4 Nxe5 14. Bg2 Nc4 15. b3 Qa5+ 16. Ke2 Bxe4 17. Bxe4 Nd6 18. Bf3 Qc3 19. Qd3 Qxd3+ 20. cxd3 dxe3 21. fxe3 Be7 22. Bxd6 Bxd6 23. Bb7 Rb8 24. Bxa6 Rb6 25. a4 Rxa6 26. axb5 Rb6 27. Ra6 Rxa6 28. bxa6 Kd7 29. Ra1 Ra8 30. d4 cxd4 31. exd4 Kc6 32. Kd3 Kb5 33. a7 Kb6 34. Kc4 Rxa7 35. Rf1 Rc7+ 36. Kd3 g6 37. h6 Kc6 38. Ke4 Rb7 39. Rf6 Re7 40. Rf3 Kd7 41. Rf1 Ke8 42. Ra1 Rb7 43. Ra8+ Rb8 44. Ra6 Kd7 45. Ra7+ Bc7 46. Ra3 Rb5 47. Ra8 Rxg5 48. Rh8 Rh5 49. Rxh7 Ke7 50. Rh8 Kf6 51. h7 Bg3 52. b4 Kg7 53. Rc8 Kxh7 54. Rc5 Kg7 55. b5 Rh4+ 56. Kd3 Bf2 57. Rc4 Rh3+ 58. Ke4 Bg3 59. Kf3 Bd6+ 60. Kg4 Rh8 61. Rc6 Bh2 62. b6 Rb8 63. Kh3 Bf4 64. Kg4 Be3 65. Rd6 Bxd4 66. Rxd4 Rxb6 67. Rd7 Rb5 68. Rd4 Rf5 69. Rf4 Rxf4+ 70. Kxf4 f6 71. Kf3 Kf7 72. Kf4 e5+ 73. Kf3 Ke6 74. Ke2 f5 75. Kf2 g5 76. Ke2 e4 77. Kf2 Ke5 78. Kg2 f4 79. Kf1 g4 80. Ke1 e3 81. Kf1 0-1

[Event "Titled Tuesday intern op 04th Oct Late"]
[Site "Chess.com INT"]
[Date "2022.10.04"]
[Round "6"]
[White "Jeet, Jain"]
[Black "Zhigalko, Sergei"]
[Result "0-1"]
[WhiteElo "2167"]
[BlackElo "2572"]
[PlyCount "136"]
[EventDate "2022.10.04"]
[EventType "swiss (blitz)"]
[EventRounds "11"]
[EventCountry "USA"]
[SourceTitle "EXT 2023"]
[Source "ChessBase"]
[SourceDate "2022.10.05"]
[SourceVersion "1"]
[SourceVersionDate "2022.10.05"]
[SourceQuality "1"]

1. Nf3 d5 2. e3 Nf6 3. b3 e6 4. Bb2 Bd6 5. c4 O-O 6. Nc3 b6 7. d4 Bb7 8. cxd5 exd5 9. Bd3 Nbd7 10. O-O a6 11. Rc1 Qe7 12. Ne2 Ne4 13. Ng3 g6 14. Qc2 Rac8 15. Qe2 b5 16. a4 c6 17. Qc2 Rfe8 18. Rfd1 h5 19. Nd2 Nxf2 20. Kxf2 Qxe3+ 21. Kf1 h4 22. Ne2 Nf6 23. Nf3 Ng4 24. Neg1 Bxh2 25. Bxg6 Bxg1 26. Bxf7+ Kxf7 27. Qf5+ Nf6 28. Nxg1 Re4 29. Nh3 Rg8 30. Qf2 Rg3 31. Rc3 Qxf2+ 32. Kxf2 Ng4+ 33. Kg1 Ne3 34. Rd2 Ke8 35. Rf2 Ng4 36. Rxg3 hxg3 37. Rf1 Re2 38. Bc1 Bc8 39. Nf4 Rc2 40. Ng6 Nf2 41. Ne5 Bf5 42. Bf4 Ne4 43. Nf3 Bg4 44. Ng5 Be2 45. Re1 Kd7 46. Nxe4 dxe4 47. Bxg3 b4 48. Bf4 Bd3 49. g4 Rc3 50. g5 Rxb3 51. g6 Bc4 52. Rxe4 Rf3 53. g7 b3 54. Bc1 Rc3 55. Ba3 Rc2 56. d5 Bxd5 57. Rd4 Rg2+ 58. Kf1 Rxg7 59. Ke2 Ke6 60. Kd1 Rg2 61. Kc1 Rc2+ 62. Kb1 Ke5 63. Rd1 Be4 64. Bb2+ Ke6 65. Ka1 c5 66. a5 c4 67. Rg1 c3 68. Bxc3 Ra2# 0-1

[Event "Titled Tuesday intern op 25th Oct Early"]
[Site "Chess.com INT"]
[Date "2022.10.25"]
[Round "8"]
[White "Oparin, Grigoriy"]
[Black "Zhigalko, Sergei"]
[Result "1-0"]
[WhiteElo "2683"]
[BlackElo "2572"]
[PlyCount "77"]
[EventDate "2022.10.25"]
[EventType "swiss (blitz)"]
[EventRounds "11"]
[EventCountry "USA"]
[SourceTitle "Mega2023 Update 01"]
[Source "Chessbase"]
[SourceDate "2022.11.22"]
[SourceVersion "1"]
[SourceVersionDate "2022.11.22"]
[SourceQuality "1"]

1. d4 Nf6 2. c4 e6 3. Nc3 Bb4 4. e3 O-O 5. Nge2 d5 6. a3 Be7 7. cxd5 exd5 8. Nf4 c6 9. Bd3 Re8 10. O-O Nbd7 11. Qc2 Nf8 12. Bd2 Ng6 13. Nxg6 hxg6 14. f3 Be6 15. Rae1 c5 16. dxc5 Bxc5 17. b4 Bb6 18. Na4 Rc8 19. Qb2 Bc7 20. Nc5 Qd6 21. g3 Bh3 22. Rf2 Bb6 23. Bc3 Bxc5 24. bxc5 Qxc5 25. Bd4 Qa5 26. Rfe2 b6 27. g4 Nxg4 28. fxg4 Bxg4 29. Bxg7 Bxe2 30. Rxe2 d4 31. Bxd4 Re6 32. Qd2 Qxa3 33. Re1 Rec6 34. Bb2 Qe7 35. Qg2 Re6 36. Bd4 Qh4 37. Rf1 Rce8 38. Bc4 R6e7 39. Qxg6+ 1-0

[Event "Titled Tuesday intern op 25th Oct Early"]
[Site "Chess.com INT"]
[Date "2022.10.25"]
[Round "10"]
[White "Arabidze, Meri"]
[Black "Zhigalko, Sergei"]
[Result "1/2-1/2"]
[WhiteElo "2422"]
[BlackElo "2572"]
[PlyCount "133"]
[EventDate "2022.10.25"]
[EventType "swiss (blitz)"]
[EventRounds "11"]
[EventCountry "USA"]
[SourceTitle "Mega2023 Update 01"]
[Source "Chessbase"]
[SourceDate "2022.11.22"]
[SourceVersion "1"]
[SourceVersionDate "2022.11.22"]
[SourceQuality "1"]

1. d4 Nf6 2. c4 e6 3. Nf3 b6 4. g3 Ba6 5. Qa4 Bb7 6. Bg2 c5 7. dxc5 bxc5 8. O-O Be7 9. Bf4 O-O 10. Nc3 Qb6 11. Qb5 d6 12. Rfd1 Rd8 13. Rd2 Qc7 14. Rad1 a6 15. Qa4 h6 16. h3 Nc6 17. g4 Rd7 18. e3 Rad8 19. a3 Qb6 20. Qc2 Na5 21. Na4 Qc6 22. Ne1 Qc7 23. b3 Bxg2 24. Nxg2 Qb7 25. Rd3 Ne4 26. Nc3 Nf6 27. Na4 h5 28. g5 Ne4 29. h4 e5 30. Bh2 Bxg5 31. hxg5 Nxg5 32. Rd5 Nf3+ 33. Kh1 Qxb3 34. Qxb3 Nxb3 35. Ne1 Nxe1 36. Rxe1 Na5 37. Red1 Nxc4 38. Nxc5 Rc7 39. Nxa6 Ra7 40. Nb4 Rxa3 41. Nc6 Re8 42. Rc1 Ra4 43. Kg1 Re6 44. Nd8 Rg6+ 45. Kf1 h4 46. Nb7 Kh7 47. Rcd1 Rb4 48. Nxd6 Nxd6 49. Rxd6 f6 50. R6d2 Rbg4 51. Ke2 Rg2 52. Rh1 Kg8 53. Kf3 R6g4 54. Ra2 Kf7 55. Ra7+ Kg6 56. Ra2 Kf5 57. e4+ Kg6 58. Re2 Kh5 59. Rd2 g5 60. Rd8 Kg6 61. Rg8+ Kf7 62. Ra8 Kg6 63. Ra6 Kf7 64. Ra7+ Kg6 65. Ra6 Kg7 66. Ra7+ Kg6 67. Ra6 1/2-1/2

[Event "Titled Tuesday intern op 25th Oct Late"]
[Site "Chess.com INT"]
[Date "2022.10.25"]
[Round "4"]
[White "Zhigalko, Sergei"]
[Black "Ozsakallioglu, Okan"]
[Result "1-0"]
[WhiteElo "2572"]
[BlackElo "2178"]
[PlyCount "71"]
[EventDate "2022.10.25"]
[EventType "swiss (blitz)"]
[EventRounds "11"]
[EventCountry "USA"]
[SourceTitle "Mega2023 Update 01"]
[Source "Chessbase"]
[SourceDate "2022.11.22"]
[SourceVersion "1"]
[SourceVersionDate "2022.11.22"]
[SourceQuality "1"]

1. e4 c5 2. Nf3 e6 3. c3 Nf6 4. e5 Nd5 5. Bc4 Nb6 6. Bb3 Nc6 7. d4 cxd4 8. cxd4 d6 9. exd6 Bxd6 10. Nc3 O-O 11. O-O Nb4 12. Re1 Be7 13. Ne5 Bf6 14. Bf4 N4d5 15. Bg3 a5 16. Ne4 a4 17. Bc2 g6 18. Nxf6+ Qxf6 19. Qd2 Qg7 20. Rac1 f6 21. Nd3 Nc4 22. Qe2 b5 23. b3 axb3 24. Bxb3 Ncb6 25. Nc5 Re8 26. Qxb5 Bd7 27. Nxd7 Qxd7 28. Qxd7 Nxd7 29. Rc6 Kf7 30. Rexe6 Rxe6 31. Bxd5 Rae8 32. Kf1 f5 33. Be5 R8e7 34. a4 Nf8 35. a5 Ke8 36. Rc8+ 1-0

[Event "Speed Chess Q1"]
[Site "Chess.com INT"]
[Date "2022.11.10"]
[Round "1"]
[White "Namitbir, Singh Walia"]
[Black "Zhigalko, Sergei"]
[Result "0-1"]
[WhiteElo "2339"]
[BlackElo "2572"]
[PlyCount "54"]
[EventDate "2022.11.10"]
[EventType "swiss (blitz)"]
[EventRounds "14"]
[EventCountry "URU"]
[SourceTitle "Mega2023 Update 02"]
[Source "Chessbase"]
[SourceDate "2022.11.22"]
[SourceVersion "1"]
[SourceVersionDate "2022.11.22"]
[SourceQuality "1"]

1. d4 Nf6 2. Nf3 e6 3. g3 b5 4. Bg2 Bb7 5. O-O Be7 6. b3 b4 7. Bb2 O-O 8. c4 bxc3 $5 {[%mdl 4] A promising side line. Eine vielversprechende Nebenvariante.} 9. Nxc3 d6 10. Rc1 $146 ({Vorgänger:} 10. Re1 Nbd7 11. e4 Nb6 12. Rc1 a5 13. Bf1 Nfd7 14. e5 Nd5 15. Ne4 Ba6 16. Bxa6 Rxa6 {0-1 (28) Hutsch,O (2172)-Proehl,H (2373) Germany 2015}) 10... Nbd7 11. Qc2 c5 12. dxc5 Nxc5 13. Rfd1 Rc8 14. Qb1 Qb6 15. e3 h6 16. h3 Rfd8 17. Nd4 Bxg2 18. Kxg2 Qb7+ 19. Nf3 a5 20. Ne2 Nfe4 21. Qa1 Ng5 22. Neg1 Nce4 23. h4 Nxf3 24. Nxf3 g5 25. Rxc8 Rxc8 26. Rc1 Re8 27. Bd4 Nd2 0-1

[Event "Speed Chess Q1"]
[Site "Chess.com INT"]
[Date "2022.11.10"]
[Round "2"]
[White "Zhigalko, Sergei"]
[Black "Fedoseev, Vladimir1"]
[Result "0-1"]
[WhiteElo "2572"]
[BlackElo "2688"]
[PlyCount "134"]
[EventDate "2022.11.10"]
[EventType "swiss (blitz)"]
[EventRounds "14"]
[EventCountry "URU"]
[SourceTitle "Mega2023 Update 02"]
[Source "Chessbase"]
[SourceDate "2022.11.22"]
[SourceVersion "1"]
[SourceVersionDate "2022.11.22"]
[SourceQuality "1"]

1. e4 e5 2. Nf3 Nc6 3. Bc4 Nf6 4. d3 h6 5. Nbd2 d6 6. c3 g6 7. O-O Bg7 8. Re1 O-O 9. Nf1 d5 $1 {[%mdl 4] is currently scoring better than 9...Na5. wohl besser als 9...Sa5.} 10. exd5 Nxd5 11. Ng3 a6 12. Bb3 Be6 $5 $146 {[%mdl 8] New and interesting. Theoretisch interessant.} ({Vorgänger:} 12... Kh7 13. d4 exd4 14. cxd4 Nb6 15. Be3 Nd5 16. Bc1 Nb6 17. Be3 Nd5 18. Bc1 {½-½ (18) Roy Chowdhury,S (2435)-Malaniuk,V (2563) Canberra 2010}) 13. Ne4 b6 14. Ba4 Nde7 15. h3 f5 16. Ng3 Bf7 17. d4 e4 18. Nd2 b5 19. Bc2 Nd5 20. Nb3 Qh4 21. Nc5 Rfe8 22. Nf1 b4 23. Bd2 bxc3 24. bxc3 Nxd4 25. cxd4 Bxd4 26. g3 Qxh3 27. Nb3 Bb6 28. Ba5 Rad8 29. Qe2 f4 30. Bxe4 Bxa5 31. Nxa5 Nf6 32. Qf3 Rxe4 33. Rxe4 Bd5 34. Rae1 Nxe4 35. Rxe4 Qf5 36. Rxf4 Bxf3 37. Rxf5 gxf5 38. Nc4 Rd1 39. Nce3 Ra1 40. Nxf5 c5 41. N5e3 Rxa2 42. Nc4 Ra1 43. Ncd2 Be2 44. Kg2 c4 45. Ne3 c3 46. Nb3 Ra2 47. Nd4 Bd3 48. Kf3 c2 49. Nb3 Rb2 50. Nc1 Bg6 51. Ne2 a5 52. Nc4 Rb1 53. Ne5 Bh7 54. Nd7 c1=Q 55. Nxc1 Rxc1 56. Nf6+ Kg7 57. Nh5+ Kf7 58. Nf4 a4 59. Ke3 a3 60. g4 a2 61. Ne2 a1=Q 62. Kf4 Qf6+ 63. Kg3 Rc2 64. Nf4 Qe5 65. f3 Rc3 66. Kh4 Qxf4 67. Kh5 Qg5# 0-1

[Event "Speed Chess Q1"]
[Site "Chess.com INT"]
[Date "2022.11.10"]
[Round "3"]
[White "Klukin, Kirill"]
[Black "Zhigalko, Sergei"]
[Result "1-0"]
[WhiteElo "2390"]
[BlackElo "2572"]
[PlyCount "107"]
[EventDate "2022.11.10"]
[EventType "swiss (blitz)"]
[EventRounds "14"]
[EventCountry "URU"]
[SourceTitle "Mega2023 Update 02"]
[Source "Chessbase"]
[SourceDate "2022.11.22"]
[SourceVersion "1"]
[SourceVersionDate "2022.11.22"]
[SourceQuality "1"]

1. d4 Nf6 2. c4 e6 3. Nc3 Bb4 4. e3 O-O 5. Bd2 b6 6. Nf3 Bb7 7. Bd3 d5 8. cxd5 {The main line 8.cxd5 scores better than 8.0-0. Die Hauptvariante 8.cxd5 punktet besser als 8.0-0.} exd5 9. O-O Bd6 10. Nb5 Be7 11. Ne5 c5 12. f4 Nc6 13. Rc1 a6 14. Nc3 cxd4 15. Nxc6 Bxc6 16. exd4 b5 $146 ({Vorgänger:} 16... Ne4 17. Be3 Nxc3 18. Rxc3 Bb5 19. Bxb5 axb5 20. Qb3 Qd7 21. Rfc1 Ra4 22. Rc7 Qe6 {1-0 (29) Mendonca,L (2558)-Amartuvshin,G (2406) Delhi 2022}) 17. a3 Qb6 18. Re1 Bd6 19. Be3 Rfe8 20. Qf3 Rac8 21. Bf2 Rxe1+ 22. Rxe1 a5 23. g4 b4 24. g5 bxc3 25. gxf6 g6 26. bxc3 Bxa3 27. f5 Be8 28. fxg6 hxg6 29. h4 Bf8 30. h5 Qc7 31. Bg3 Qd7 32. hxg6 fxg6 33. Ba6 Ra8 34. Bd3 Bf7 35. Be5 Rc8 36. Bb1 Qc6 37. Rc1 a4 38. Qg3 Qe8 39. Bf5 Rc6 40. Rf1 a3 41. Bb1 a2 42. Bxa2 Rb6 43. Bb1 Rb2 44. Bf5 Rb3 45. Rf3 Bh6 46. Kg2 Rb2+ 47. Rf2 Rxf2+ 48. Kxf2 Kf8 49. Bc2 Kg8 50. Qf3 Qc8 51. Qg3 Qe8 52. Qh3 Bf8 53. Qg4 Qc6 54. Bxg6 1-0

[Event "Speed Chess Q1"]
[Site "Chess.com INT"]
[Date "2022.11.10"]
[Round "6"]
[White "Firat, Burak"]
[Black "Zhigalko, Sergei"]
[Result "0-1"]
[WhiteElo "2460"]
[BlackElo "2572"]
[PlyCount "92"]
[EventDate "2022.11.10"]
[EventType "swiss (blitz)"]
[EventRounds "14"]
[EventCountry "URU"]
[SourceTitle "Mega2023 Update 02"]
[Source "Chessbase"]
[SourceDate "2022.11.22"]
[SourceVersion "1"]
[SourceVersionDate "2022.11.22"]
[SourceQuality "1"]

1. e4 c5 2. Nf3 Nc6 3. Bb5 Nf6 4. Bxc6 dxc6 5. d3 Bg4 6. h3 Bh5 7. Bf4 Nd7 8. g4 Bg6 9. Nc3 Qb6 $5 {[%mdl 4] Exploring less charted territory. Erkundet wenig bekanntes Terrain.} 10. Qd2 O-O-O $146 ({Vorgänger:} 10... e6 11. O-O-O Be7 12. Rhg1 Qa6 13. Kb1 b5 14. Ne2 c4 15. h4 cxd3 16. cxd3 h5 17. gxh5 Bxh5 {0-1 (27) Areshchenko,A (2708)-Zhigalko,S (2661) Kiev 2013}) 11. O-O-O e6 12. Qe2 Be7 13. Bg3 Qa5 14. Nd2 Nb6 15. f4 f6 16. f5 Bf7 17. e5 Rhe8 18. Nb3 Qa6 19. fxe6 Bxe6 20. exf6 Bxf6 21. Nxc5 Qa5 22. Nxe6 Bxc3 23. bxc3 Qa3+ 24. Kd2 Nc4+ 25. Ke1 Qxc3+ 26. Kf1 Qf6+ 27. Kg1 Rxe6 28. Qf2 Ne3 29. Re1 Qxf2+ 30. Bxf2 Rde8 31. Re2 Nd5 32. Rxe6 Rxe6 33. Rh2 Nb4 34. Bxa7 Nxa2 35. Bd4 g6 36. Rf2 Nb4 37. Bb6 Nd5 38. Rf8+ Kd7 39. Rf7+ Re7 40. Rxe7+ Kxe7 41. Bd4 Ke6 42. Kf2 Nb4 43. Bc5 Nxc2 44. Kf3 Kd5 45. Bf8 Nd4+ 46. Kf4 Ne6+ 0-1

[Event "Speed Chess Q1"]
[Site "Chess.com INT"]
[Date "2022.11.10"]
[Round "7"]
[White "Zhigalko, Sergei"]
[Black "Tsydypov, Zhamsaran"]
[Result "0-1"]
[WhiteElo "2572"]
[BlackElo "2534"]
[PlyCount "68"]
[EventDate "2022.11.10"]
[EventType "swiss (blitz)"]
[EventRounds "14"]
[EventCountry "URU"]
[SourceTitle "Mega2023 Update 02"]
[Source "Chessbase"]
[SourceDate "2022.11.22"]
[SourceVersion "1"]
[SourceVersionDate "2022.11.22"]
[SourceQuality "1"]

1. e4 c6 2. d4 d5 3. e5 Bf5 4. Nf3 e6 5. Be2 Nd7 6. O-O h6 7. Nbd2 Ne7 8. a4 g5 {8...a5 is the fancy move. 8...a5 ist der angesagte Zug.} 9. a5 Bg7 10. c4 O-O 11. Re1 $146 ({Vorgänger:} 11. a6 b6 12. Re1 c5 13. Nb3 Rc8 14. dxc5 dxc4 15. Bxc4 Nxc5 16. Nbd4 Bg4 17. Be3 Bxe5 {½-½ (95) Zhigalko,S (2571)-Yuffa,D (2566) Moscow 2019}) 11... Ng6 12. cxd5 g4 13. d6 gxf3 14. Nxf3 c5 15. dxc5 Nxc5 16. Ra3 Nd7 17. Bd3 Bxd3 18. Qxd3 Ndxe5 19. Nxe5 Nxe5 20. Qg3 Ng6 21. Rd1 Rc8 22. Be3 Bxb2 23. Rb3 Be5 24. Qf3 Bxd6 25. Rxb7 Qxa5 26. Rxa7 Qc3 27. g3 Bc5 28. Rb7 Bxe3 29. fxe3 Qc6 30. Qxc6 Rxc6 31. Kg2 Rc3 32. Re1 Rd8 33. Rb2 Ne5 34. Ree2 Nc4 0-1

[Event "Speed Chess Q1"]
[Site "Chess.com INT"]
[Date "2022.11.10"]
[Round "9"]
[White "Zhigalko, Sergei"]
[Black "Csonka, Balazs"]
[Result "1/2-1/2"]
[WhiteElo "2572"]
[BlackElo "2497"]
[PlyCount "97"]
[EventDate "2022.11.10"]
[EventType "swiss (blitz)"]
[EventRounds "14"]
[EventCountry "URU"]
[SourceTitle "Mega2023 Update 02"]
[Source "Chessbase"]
[SourceDate "2022.11.22"]
[SourceVersion "1"]
[SourceVersionDate "2022.11.22"]
[SourceQuality "1"]

1. e4 c5 2. Nf3 e6 3. c3 Nf6 4. e5 Nd5 5. Bc4 d6 6. d4 cxd4 7. cxd4 dxe5 8. dxe5 Be7 $1 {[%mdl 4] is recently more successful than 8...Bb4+. ist inzwischen erfolgreicher als 8...Lb4+.} 9. O-O O-O 10. Qe2 Bd7 11. Rd1 Bc6 12. Bxd5 Bxd5 13. Nc3 Bxf3 14. Qxf3 Qb6 15. Ne4 $146 ({Vorgänger:} 15. Bf4 Nc6 16. Ne4 Rfd8 17. Nd6 Bxd6 18. exd6 Rd7 19. Rd2 e5 20. Be3 Nd4 21. Qe4 Qxd6 22. Rad1 f5 23. Qb1 Qf6 24. f4 Rad8 25. h3 exf4 26. Bf2 Ne2+ {0-1 (26) Gumularz,S (2539)-Volokitin,A (2677) Warsaw 2021}) 15... Nc6 16. Nf6+ Bxf6 17. exf6 Rfd8 18. fxg7 Ne5 19. Qh5 Rxd1+ 20. Qxd1 Rd8 21. Qe2 Nd3 22. Bg5 Rd5 23. Bf6 Nxf2 24. Qxf2 Qxf2+ 25. Kxf2 Rf5+ 26. Ke3 Rxf6 27. Rc1 Rf5 28. Rc7 Rb5 29. b3 Kxg7 30. g4 Kg6 31. h4 h5 32. gxh5+ Kxh5 33. Rxf7 Kxh4 34. Re7 Kg5 35. Rxe6 Kf5 36. Rh6 Rb6 37. Rxb6 axb6 38. Kd4 Ke6 39. Kc4 Kd6 40. Kb5 Kc7 41. a3 Kc8 42. Kxb6 Kb8 43. a4 Ka8 44. Kc7 Ka7 45. b4 Ka8 46. b5 Ka7 47. a5 Ka8 48. a6 Ka7 49. axb7 1/2-1/2